|
|
|
|
| LEADER |
00000nam a2200000 a 4500 |
| 001 |
vtls008344396 |
| 003 |
SK-MaSNL |
| 005 |
20260302003826.0 |
| 008 |
250311s1961 xo hun |
| 015 |
|
|
|a SNBA1961/06-01136
|
| 035 |
|
|
|a SK01SNK19610036613
|
| 035 |
|
|
|a urn:nbn:sk:snk-amyd60
|
| 035 |
|
|
|a urn:nbn:sk:snk-am00cfix
|
| 035 |
|
|
|a BFA77F3B-5371-47E4-AB83-23FBD1A6F717
|
| 035 |
|
|
|a SKM000039076
|
| 040 |
|
|
|a SNK
|b slo
|c SNK
|e AACR2
|
| 041 |
1 |
|
|a hun
|h slo
|
| 044 |
|
|
|a xo
|
| 080 |
|
|
|a 885.4-3
|2 1981
|
| 100 |
1 |
|
|a Kukučín, Martin,
|d 1860-1928
|4 aut
|9 100266
|
| 245 |
1 |
0 |
|a Lassú víz. Elbeszélések
|c Martin Kukučín ; [zo slov. orig.] ford. Hubik István ; válogatta és az utószót írta Michal Chorváth
|
| 260 |
|
|
|a Bratislava
|b SVKL
|c 1961
|e Bratislava
|f Pravda
|
| 300 |
|
|
|a 428, [3] s.
|c 8°
|
| 563 |
|
|
|a 1200 výtl.
|
| 650 |
0 |
7 |
|a novely spoločenské slovenské
|2 SNK
|9 296124
|
| 655 |
|
7 |
|a umelecká literatúra
|2 SNKPH
|9 60405
|
| 700 |
1 |
|
|a Hubik, István,
|d 1916-1994
|4 trl
|9 156408
|
| 700 |
1 |
|
|a Chorváth, Michal,
|d 1910-1982
|4 aui
|9 118285
|
| 852 |
|
|
|a Slovenská národná knižnica
|
| 919 |
|
|
|a viaz.
|
| 958 |
|
|
|a OND
|
| 958 |
|
|
|a TL
|
| 958 |
|
|
|a RK
|
| 958 |
|
|
|a LX
|
| 958 |
|
|
|a UP
|
| 958 |
|
|
|a HU
|
| 999 |
|
|
|c 993513
|d 995443
|
| 952 |
|
|
|a SNK
|b SNK
|y PREZ
|7 0
|p 17A0698546
|o snkSD 20196
|i snkKSP 3240/61
|0 0
|1 0
|4 0
|d 2011-06-20
|f 1
|l 0
|r 2025-12-03 00:00:00
|w 2026-02-24
|